=LDR 00000nam 2200000 4500 =001 INLIS000000000036868 =005 20130612142629 =008 ***********************************Ind** =035 ##$$0010-061300000036868 =041 ##$$a Ind =082 ##$$a 641.5 =090 ##$$a 641.5, Erw a =100 ##$$a Erwin, Lilly T =245 ##$$a Aroma rasa kuliner Indonesia, sate vegetarian, Lilly T Erwin =260 ##$$a 2011 $b Jakarta =300 ##$$a 56 hlm, ilus, 22 cm =650 ##$$a Masakan-resep =850 ##$$a NBPNMAT